[Event "Roquetas de Mar U2150 op"]
[Site "Roquetas de Mar"]
[Date "2013.01.05"]
[Round "5.2"]
[White "Gonzalez Ramos, Luis"]
[Black "Alvarez Morales, Miguel"]
[Result "1-0"]
[WhiteElo "1901"]
[BlackElo "2002"]
[PlyCount "85"]
[EventDate "2013.01.04"]
[EventType "swiss"]
[EventRounds "7"]
[EventCountry "ESP"]
[SourceTitle "EXT 2024"]
[Source "ChessBase"]
[SourceDate "2023.10.10"]
[SourceVersion "1"]
[SourceVersionDate "2023.10.10"]
[SourceQuality "1"]

1. Nc3 Nf6 2. e4 d5 3. exd5 Nxd5 4. g3 Nxc3 5. bxc3 Qd5 6. f3 Nc6 7. Bg2 g6 8. Ne2 Bg7 9. 0-0 0-0 10. Kh1 Rd8 11. a4 e5 12. d3 Be6 13. Qe1 Qd7 14. Qf2 Bh3 15. Be3 Bxg2+ 16. Kxg2 Ne7 17. Rfb1 b6 18. a5 Nd5 19. Bd2 Qc6 20. Rb3 Nf6 21. Kg1 Re8 22. Rab1 Rad8 23. Be3 Qe6 24. c4 Bf8 25. Nc3 Qc6 26. Nb5 bxa5 27. Nxa7 Qd7 28. Bc5 Bxc5 29. Qxc5 a4 30. Rb7 Qd4+ 31. Qxd4 exd4 32. Nc6 Rd6 33. Rxc7 Re2 34. Re7 Rxc2 35. Ne5 Re6 36. Rb8+ Kg7 37. Rxf7+ Kh6 38. f4 a3 39. Ra7 a2 40. Rbb7 Rc1+ 41. Kg2 a1Q 42. Ng4+ Kh5 43. Rb5+ 1-0